Catalog

Record Details

Catalog Search



Available copies

  • 3 of 3 copies available at LARL/NWRL Consortium.
  • 2 of 2 copies available at Lake Agassiz Regional Library. (Show preferred library)

Current holds

0 current holds with 3 total copies.

Show Only Available Copies
Location Call Number / Copy Notes Barcode Shelving Location Status Due Date
Crookston Public Library Y CON (Text) 33500011756541 Main Available -
Moorhead Public Library Y CON (Text) 33500011756558 Main Available -
Thief River Falls Public Library ya CON (Text) 35500005418320 Main Available -

Record details

  • ISBN: 9781619633469 (hardcover)
  • ISBN: 1619633469 (hardcover)
  • Physical Description: 359 pages ; 20 cm
  • Publisher: New York : Bloomsbury, 2014.

Content descriptions

General Note:
First published in Great Britain in January 2014 by Bloomsbury Publishing Plc.
Summary, etc.:
All seventeen-year-old Dylan Mint wants is to keep ... Read More
Subject: Tourette syndrome > Fiction.
Terminally ill > Fiction.
Interpersonal relations > Fiction.
Schools > Fiction.
Family life > England > Fiction.
England > Fiction.
JUVENILE FICTION / Health & Daily Living / Diseases, Illnesses & Injuries.
JUVENILE FICTION / Family / Parents.
JUVENILE FICTION / Love & Romance.
JUVENILE FICTION / Social Issues / Emotions & Feelings.
JUVENILE FICTION / Social Issues / Friendship.
Tourette syndrome > Juvenile fiction.
Terminally ill > Juvenile fiction.
Interpersonal relations > Juvenile fiction.
Schools > Juvenile fiction.
Families > England > Juvenile fiction.
England > Juvenile fiction.
Families.
Interpersonal relations.
Schools.
Terminally ill
Tourette syndrome.
England.
Genre: Fiction.
Juvenile works.
LDR 03244cam a2200709 i 4500
001170352
003LARL_NWRL_CONSORTIUM
00520140919103616.0
008131120s2014 nyu d 000 1 eng
010 . ‡a2013044567
0167 . ‡a016530307 ‡2Uk
020 . ‡a9781619633469 (hardcover)
020 . ‡a1619633469 (hardcover)
020 . ‡z9781619633476 (e-book)
035 . ‡a(OCoLC)841229084
040 . ‡aDLC ‡beng ‡erda ‡cDLC ‡dIG# ‡dYDXCP ‡dBTCTA ‡dBDX ‡dUKMGB ‡dWAU ‡dJAG ‡dTCB ‡dVP@ ‡dOCLCF
042 . ‡apcc ‡alcac
043 . ‡ae-uk-en
05000. ‡aPZ7.C744 ‡bWhe 2014
08200. ‡a[Fic] ‡223
084 . ‡aJUV015020 ‡aJUV013060 ‡aJUV026000 ‡aJUV039050 ‡aJUV039060 ‡2bisacsh
1001 . ‡aConaghan, Brian, ‡d1971-
24510. ‡aWhen Mr. Dog bites / ‡cBrian Conaghan.
260 . ‡aNew York : ‡bBloomsbury, ‡c2014.
300 . ‡a359 pages ; ‡c20 cm
336 . ‡atext ‡2rdacontent
337 . ‡aunmediated ‡2rdamedia
338 . ‡avolume ‡2rdacarrier
500 . ‡aFirst published in Great Britain in January 2014 by Bloomsbury Publishing Plc.
520 . ‡aAll seventeen-year-old Dylan Mint wants is to keep his Tourette's in check and live as a normal teen, but during a routine hospital visit he overhears that he is going to die, and in an attempt to claim the life he has always wanted he makes a list of "Cool Things To Do Before I Cack It" and sets out to have some fun.
650 1. ‡aTourette syndrome ‡vFiction.
650 1. ‡aTerminally ill ‡vFiction. ‡0(LARL_NWRL_CONSORTIUM)167693
650 1. ‡aInterpersonal relations ‡vFiction. ‡0(LARL_NWRL_CONSORTIUM)165331
650 1. ‡aSchools ‡vFiction. ‡0(LARL_NWRL_CONSORTIUM)167222
650 1. ‡aFamily life ‡zEngland ‡vFiction.
651 1. ‡aEngland ‡vFiction.
650 7. ‡aJUVENILE FICTION / Health & Daily Living / Diseases, Illnesses & Injuries. ‡2bisacsh
650 7. ‡aJUVENILE FICTION / Family / Parents. ‡2bisacsh
650 7. ‡aJUVENILE FICTION / Love & Romance. ‡2bisacsh
650 7. ‡aJUVENILE FICTION / Social Issues / Emotions & Feelings. ‡2bisacsh
650 7. ‡aJUVENILE FICTION / Social Issues / Friendship. ‡2bisacsh
650 0. ‡aTourette syndrome ‡vJuvenile fiction.
650 0. ‡aTerminally ill ‡vJuvenile fiction.
650 0. ‡aInterpersonal relations ‡vJuvenile fiction. ‡0(LARL_NWRL_CONSORTIUM)165337
650 0. ‡aSchools ‡vJuvenile fiction. ‡0(LARL_NWRL_CONSORTIUM)167227
650 0. ‡aFamilies ‡zEngland ‡vJuvenile fiction.
651 0. ‡aEngland ‡vJuvenile fiction. ‡0(LARL_NWRL_CONSORTIUM)168416
650 7. ‡aFamilies. ‡2fast ‡0(LARL_NWRL_CONSORTIUM)19934
650 7. ‡aInterpersonal relations. ‡2fast ‡0(LARL_NWRL_CONSORTIUM)23325
650 7. ‡aSchools. ‡2fast ‡0(LARL_NWRL_CONSORTIUM)30355
650 7. ‡2fast ‡aTerminally ill ‡0(LARL_NWRL_CONSORTIUM)32609
650 7. ‡aTourette syndrome. ‡2fast ‡0(LARL_NWRL_CONSORTIUM)21242
651 7. ‡aEngland. ‡2fast ‡0(LARL_NWRL_CONSORTIUM)178134
655 7. ‡aFiction. ‡2fast
655 7. ‡aJuvenile works. ‡2fast
948 . ‡hNO HOLDINGS IN LAL - 335 OTHER HOLDINGS
994 . ‡aZ0 ‡bLAL
901 . ‡a170352 ‡bOCLC ‡c170352 ‡tbiblio

Additional Resources